| 000 | 00866nam a2200277 a 4500 | ||
|---|---|---|---|
| 001 | 429 | ||
| 003 | BD-RjUL | ||
| 005 | 20211208233157.0 | ||
| 008 | 2013 s1966 enk x |b 0 1 0eng d | ||
| 020 | _a853650713 | ||
| 035 |
_a(BD-RjUL)446 _a(OCoLC)ocm02253657 |
||
| 040 |
_aMnMULS _beng _cMnMULS _dOCoLC _dIU _dOCoLC _dDLC _dOCoLC _dBD-RjUL |
||
| 041 | _aeng | ||
| 082 | 0 | 4 |
_216 _a025.52 _bGUI 1968 |
| 245 | 0 | 0 |
_aGuide to reference material / _cEdited by A. J. Walford. |
| 250 | _a2nd ed. | ||
| 260 |
_aLondon : _bLibrary Association , _c1966 [Riprint 1968]. |
||
| 300 |
_avii, 483p. ; _c25 cm. |
||
| 500 | _aAssistant editors K. R. Rider and F. R. Taylor. | ||
| 504 | _aIncludes indexes. | ||
| 650 | 0 |
_aReference books _vBibliography. _91263 |
|
| 700 | 1 |
_aWalford, A. J. _q(Albert John) _91264 |
|
| 942 |
_2ddc _cBK |
||
| 999 |
_c429 _d429 |
||